000 00647cam a22002413a 4500
001 30753
003 PGUSA
005 20140828083650.0
008 091225s2009||||xxu|||||s|||||000 | eng d
040 _aPGUSA
_beng
042 _adc
050 4 _aPT
100 1 _aKafka, Franz,
_d1883-1924
245 1 0 _aDer Mord
_h[electronic resource] /
_cFranz Kafka
260 _bProject Gutenberg,
_c2009
506 _aPublic domain in the USA.
516 _aElectronic text
653 _aShort stories
700 1 _aMeidner, Ludwig,
_d1884-1966
830 0 _aProject Gutenberg
_v30753
856 4 0 _uhttp://www.gutenberg.org/ebooks/30753
942 _cEB
999 _c260008
_d260008